| 000 | 00918nam a2200217 a 4500 | ||
|---|---|---|---|
| 003 | 0 | ||
| 005 | 20250325141928.0 | ||
| 008 | 060801s19uu xx 00 eng d | ||
| 050 |
_aPGS HQ 1236.5.P6.A94 _b.C112 2006 |
||
| 100 | _aCaballes, Ailene Ellazar. | ||
| 245 |
_aA study on the awareness of lower school students on laws protecting women rights / _cAilene Ellazar Caballes. |
||
| 260 |
_aLas Piñas City, Philippines : _bSouthville International School and Colleges, _c2006. |
||
| 300 |
_a23 pages : _billustrations ; _c28 cm. |
||
| 504 | _aIncludes bibliographical references. | ||
| 650 |
_aWomen’s rights _v Law and legislation _zPhilippines. |
||
| 650 |
_aChildren _vLegal awareness _zPhilippines. |
||
| 650 |
_aGender equality _vLegal status _zPhilippines. |
||
| 650 |
_aStudents _vAwareness of human rights _zPhilippines. |
||
| 650 |
_aWomen _vProtection under the law _zPhilippines. |
||
| 942 |
_2lcc _cPASS |
||
| 999 |
_c97463 _d97463 |
||